Právnoteoretická a právnopolitická problematika ochrany životného prostredia

Bibliographic Details
Main Author: Luby, Štefan, 1910-1976 (Author)
Format: Article
Language:Slovak

MARC

LEADER 00000nab a2200000uu 4500
001 vtls011460720
003 SK-MaSNL
005 20260303151551.0
008 230222|1972 xo |||||||||||||||||slo|
015 |a SNBRB 
035 |a (urnnbn)urn:nbn:sk:snk:ar-a0acdo 
035 |a (uuid)14239394-3878-414d-9612-d2b16bc9e767 
035 |a urn:nbn:sk:snk-abcuk7 
040 |a SNKBUCL  |b slo  |c SNKBUCL  |e AACR2 
041 0 |a slo 
044 |a xo  |c SK 
100 1 |a Luby, Štefan,  |d 1910-1976  |4 aut  |9 102955 
245 1 0 |a Právnoteoretická a právnopolitická problematika ochrany životného prostredia  |c Štefan Luby 
773 0 |t Životné prostredie : revue pre teóriu a starostlivosť o životné prostredie  |g Roč. 6, č. 3 (1972), s. 118-123 
954 |a odborná, vedecká literatúra pôvodná (slovenská)  |2 lita 
958 |a OND 
958 |a EUIPO 
958 |a article16 
999 |c 2018352  |d 2020282